| 000 | 01393nam a22002777a 4500 | ||
|---|---|---|---|
| 001 | 113997 | ||
| 003 | DR-UNIBE | ||
| 005 | 20250802062544.0 | ||
| 008 | 250801b2020 dr ||||| |||| 00| 0 spa d | ||
| 020 | _a9789945886030 | ||
| 040 |
_aBIBLIOTECA UNIBE _bspa _cBIBLIOTECA UNIBE _erda |
||
| 041 | _aspa | ||
| 082 | _aRD 616.89156 V496c 2020 | ||
| 100 |
_aVergés, Luis _d1962- _eautor _9155742 |
||
| 245 | 1 | 0 |
_aConceptos y habilidas básicas en terapia familiar / _cLuis Vergés |
| 250 | _aTercera edición | ||
| 260 |
_aSanto Domingo : _bAmigo del Hogar, _c2020 |
||
| 300 | _a444 páginas : | ||
| 505 | _a1. Historia de la terapia familiar | 2. La familia: concepto, estructura y funciones | 3. La entrevista inicial y su papel en el proceso terapéutico | 4. Evaluación del sistema familiar | 5. Plan de tratamiento para las disfunciones familiares | 6. Los modelos de intervención en terapia familiar | 7. La ética del terapeuta familiar | 8. Situaciones practicas en la terapia familiar | 9. La terapia familiar aplicada a situaciones especiales | 10. La persona del terapeuta y habilidades para intervenir el sistema familiar | | ||
| 650 | 7 |
_2lemb _aFamilias con problemas _936392 |
|
| 650 | 7 |
_2lemb _aPsicoterapia familiar |
|
| 650 | 7 |
_2lemb _aTerapia _98111 |
|
| 653 | 0 | 0 | _aTerapia familiar |
| 700 | 1 |
_aRodríguez de Báez, Martha _erevisor _9198116 |
|
| 942 |
_2ddc _cBK |
||
| 999 |
_c113997 _d113997 |
||